Asbestos (Record no. 120731)

MARC details
000 -LEADER
fixed length control field 00982cai a22001815a 4500
001 - CONTROL NUMBER
control field L145868
008 - FIXED-LENGTH DATA ELEMENTS--GENERAL INFORMATION
fixed length control field 081117u xxkao g 000 0 eng d
035 ## - SYSTEM CONTROL NUMBER
System control number (Sirsi) u145868
041 0# - LANGUAGE CODE
Language code of text/sound track or separate title eng
110 2# - MAIN ENTRY--CORPORATE NAME
Corporate name or jurisdiction name as entry element Great Britain
Subordinate unit Health and Safety Executive
245 00 - TITLE STATEMENT
Title Asbestos
Remainder of title the hidden killer
Medium [electronic resource]
520 ## - SUMMARY, ETC.
Summary, etc. Section of the website of the Health and Safety Executive on a campaign against asbestos hazards. Provides information on asbestos, its dangers, where it can be found in a building, and how construction workers can protect themselves from it. A campaign resources page lists videos, press and radio advertisements, case stories, posters, and other campaign related items.
590 ## - LOCAL NOTE (RLIN)
Local note KA
651 #4 - SUBJECT ADDED ENTRY--GEOGRAPHIC NAME
Geographic name Great Britain
Chronological subdivision 1707-
690 ## - LOCAL SUBJECT ADDED ENTRY--TOPICAL TERM (OCLC, RLIN)
Topical term or geographic name as entry element MANAGEMENT-HEALTH AND SAFETY-HAZARDOUS SUBSTANCES-ASBESTOS
856 40 - ELECTRONIC LOCATION AND ACCESS
Uniform Resource Identifier <a href="https://www.hse.gov.uk/asbestos/hiddenkiller/index.htm">https://www.hse.gov.uk/asbestos/hiddenkiller/index.htm</a>
Public note View the website free of charge online at www.hse.gov.uk/asbestos...
942 ## - ADDED ENTRY ELEMENTS (KOHA)
Suppress in OPAC 0
Holdings
Withdrawn status Lost status Source of classification or shelving scheme Damaged status Not for loan Home library Current library Shelving location Date acquired Total Checkouts Full call number Barcode Date last seen Copy number Price effective from Koha item type
    Dewey Decimal Classification     Virtual Virtual Online 17/11/2008   ONLINE PUBLICATION 145868-2001 06/08/2019 1 06/08/2019 Online material